MARC details
| 000 -CABECERA |
| campo de control de longitud fija |
02882nam a2200373 i 4500 |
| 001 - NÚMERO DE CONTROL |
| campo de control |
000017808 |
| 003 - IDENTIFICADOR DEL NÚMERO DE CONTROL |
| campo de control |
DO-SdBNP |
| 005 - FECHA Y HORA DE LA ÚLTIMA TRANSACCIÓN |
| campo de control |
20250122135301.0 |
| 007 - CAMPO FIJO DE DESCRIPCIÓN FÍSICA--INFORMACIÓN GENERAL |
| campo de control de longitud fija |
ta |
| 008 - DATOS DE LONGITUD FIJA--INFORMACIÓN GENERAL |
| campo de control de longitud fija |
100406s1994 dr ac 001 0 spa d |
| 040 ## - FUENTE DE LA CATALOGACIÓN |
| Centro catalogador/agencia de origen |
DO-SdBNP |
| Lengua de catalogación |
spa |
| Centro/agencia transcriptor |
BNPHU |
| Normas de descripción |
rda |
| 041 ## - CÓDIGO DE LENGUA |
| Código de lengua del texto/banda sonora o título independiente |
spa |
| 082 #4 - NÚMERO DE LA CLASIFICACIÓN DECIMAL DEWEY |
| Número de clasificación |
910.4 |
| Número de documento/Ítem |
N964ca |
| Número de edición |
22 |
| 100 1# - ENTRADA PRINCIPAL--NOMBRE DE PERSONA |
| Nombre de persona |
Núñez Jiménez, Antonio, |
| Fechas asociadas al nombre |
1923-1998 |
| Término indicativo de función/relación |
autor |
| Código de función/relación |
aut. |
| 9 (RLIN) |
12579 |
| 245 10 - MENCIÓN DE TÍTULO |
| Título |
En canoa por el Mar de las Antillas / |
| Mención de responsabilidad, etc. |
Antonio Núñez Jiménez ; prólogo, José Juan Arrom ; presentación, Nicolás de Jesús Cardenal López Rodríguez. |
| 250 ## - MENCIÓN DE EDICIÓN |
| Mención de edición |
Prime edición |
| 264 #1 - PRODUCCIÓN, PUBLICACIÓN, DISTRIBUCIÓN, FABRICACIÓN Y COPYRIGHT |
| Producción, publicación, distribución, fabricación y copyright |
Santo Domingo : |
| Nombre del de productor, editor, distribuidor, fabricante |
Patronato de la Ciudad Colonial, |
| Fecha de producción, publicación, distribución, fabricación o copyright |
1994. |
| 300 ## - DESCRIPCIÓN FÍSICA |
| Extensión |
xxxvi, 431 páginas : |
| Otras características físicas |
ilustraciones, mapas, retratos ; |
| Dimensiones |
23 cm. |
| 336 ## - TIPO DE CONTENIDO |
| Término de tipo de contenido |
texto |
| Código de tipo de contenido |
txt |
| Fuente |
rdacontent |
| 337 ## - TIPO DE MEDIO |
| Nombre/término del tipo de medio |
sin mediación |
| Código del tipo de medio |
n |
| Fuente |
rdamedia |
| 338 ## - TIPO DE SOPORTE |
| Nombre/término del tipo de soporte |
volumen |
| Código del tipo de soporte |
nc |
| Fuente |
rdacarrier |
| 490 ## - MENCIÓN DE SERIE |
| Mención de serie |
Quinto centenario. Estudios ; |
| Designación de volumen o secuencia |
11 |
| 500 ## - NOTA GENERAL |
| Nota general |
Incluye datos biográficos del autor en las solapas. |
| 504 ## - NOTA DE BIBLIOGRAFÍA, ETC. |
| Nota de bibliografía, etc. |
Bibliografía : p. 423-431. |
| 505 2# - NOTA DE CONTENIDO CON FORMATO |
| Nota de contenido con formato |
Del continente a las islas -- |
| Título |
En Puerto España -- |
| -- |
Por los caminos de Trinidad -- |
| -- |
La canoa entre sargazos burocráticos -- |
| -- |
En la isla de San Vicente -- |
| -- |
Chatoyer y los Caribes Negros -- |
| -- |
Los rastafaris -- |
| -- |
El arte rupestre de San Vicente -- |
| -- |
De Kingstown a West Point -- |
| -- |
Santa Lucía -- |
| -- |
El enigma arqueológico de Santa Lucía -- |
| -- |
Los petroglifos de Santa Lucía -- |
| -- |
Castries, la capital -- |
| -- |
En las islas María y Pigeon -- |
| -- |
Martinica -- |
| -- |
Fort de France -- |
| -- |
Hacia el volcán de la Montagne Pelee -- |
| -- |
Dominica -- |
| -- |
Guadalupe -- |
| -- |
Mariagalante -- |
| -- |
En las islas de Monserrat y Redonda -- |
| -- |
Nevis y San Kitts -- |
| -- |
San Eustaquio, Saba y San Martín -- |
| -- |
Anguila -- |
| -- |
Isla Vírgenes -- |
| -- |
La canoa Hatuey en Puerto Rico -- |
| -- |
Entre un vuelo rasante, un submarino y un guardacostas nortemaricano -- |
| -- |
De la isla Saona a la capital dominicana -- |
| -- |
Santo Domingo, la ciudad primada de la América Hispánica -- |
| -- |
Arte rupestre de Quisqueya -- |
| -- |
Del palacio de gobierno a la Universidad Autónoma de Santo Domingo -- |
| -- |
Prisioneros del ejército haitiano -- |
| -- |
De Baní a Montecristi -- |
| -- |
De nuevo en Haití -- |
| -- |
En la Mole de San Nicolás -- |
| -- |
A Cuba por el Paso de los Vientos -- |
| -- |
Sobre el Yunque de Baracoa -- |
| -- |
En el oriente de Cuba -- |
| -- |
La Gran Inagua -- |
| -- |
Hacia las Islas Crooked -- |
| -- |
El agujero azul de Long Island -- |
| -- |
De cayo Rum a cayo Samaná -- |
| -- |
En la isla de San Salvador -- |
| -- |
La primera tierra de América vista por Colón -- |
| -- |
Vuelo sobre las Bahamas -- |
| -- |
Retorno a la patria -- |
| -- |
El Caribe ¿qué es?. |
| 590 ## - NOTA LOCAL (RLIN) |
| Nota local |
Inventariado, 2024/ YL |
| 650 #4 - PUNTO DE ACCESO ADICIONAL DE MATERIA--TÉRMINO DE MATERIA |
| Término de materia o nombre geográfico como elemento de entrada |
Canoas |
| Subdivisión geográfica |
Antillas |
| 9 (RLIN) |
38700 |
| 651 #4 - PUNTO DE ACCESO ADICIONAL DE MATERIA--NOMBRE GEOGRÁFICO |
| Nombre geográfico |
Antillas |
| Subdivisión general |
Descripciones y viajes |
| 9 (RLIN) |
38698 |
| 651 #4 - PUNTO DE ACCESO ADICIONAL DE MATERIA--NOMBRE GEOGRÁFICO |
| Nombre geográfico |
Antillas |
| Subdivisión general |
Historias |
| 9 (RLIN) |
38699 |
| 700 1# - PUNTO DE ACCESO ADICIONAL--NOMBRE DE PERSONA |
| Nombre de persona |
Arrom, José Juan, |
| Término indicativo de función/relación |
prologuista |
| 9 (RLIN) |
38701 |
| Código de función/relación |
prol. |
| 700 1# - PUNTO DE ACCESO ADICIONAL--NOMBRE DE PERSONA |
| Nombre de persona |
López Rodríguez, Nicolás de Jesús |
| 9 (RLIN) |
38702 |
| Término indicativo de función/relación |
presentador |
| Código de función/relación |
pres. |
| 910 ## - DATOS DE OPCIÓN DEL USUARIO (OCLC) |
| Datos de opción del usuario |
YLockward |
| 942 ## - ELEMENTOS DE PUNTO DE ACCESO ADICIONAL (KOHA) |
| Fuente del sistema de clasificación o colocación |
Dewey Decimal Classification |
| Tipo de ítem Koha |
Libro |